Les 5 Capitales les plus proches d'Abou Dabi, Abuja, Accra, Achgabat et Addis-Abeba - Statistiques

Statistiques générales
  • Ce quiz a été pris 59 fois
  • Le résultat moyen est 16 sur 22
Statistiques - réponses
Réponse % Correct
Doha
93%
Riyad
89%
Djibouti
88%
Koweït
80%
Yaoundé
79%
Lomé
77%
Mascate
77%
Porto Novo
77%
Asmara
75%
Yamoussoukro
75%
Sanaa
73%
Tachkent
73%
Téhéran
73%
Khartoum
71%
Bakou
70%
Kaboul
70%
Niamey
70%
Ouagadougou
70%
Manama
68%
Douchanbé
64%
Djouba
55%
Malabo
50%
Aucun quiz correspondant
Distribution des résultats
% des personnes avec chaque résultat
Percentile par nombre de réponses
Votre historique - résultats
Vous n’avez pas pris ce quiz